书目信息 |
| 题名: |
电工电子技术
|
|
| 作者: | 刘建萍 , 高玉良 , 黄元峰 主编 | |
| 分册: | ||
| 出版信息: | 武汉 华中科技大学出版社 2007.08 |
|
| 页数: | 354页 | |
| 开本: | 26cm | |
| 丛书名: | 高等院校技术基础课系列教材 | |
| 单 册: | ||
| 中图分类: | TM-43 | |
| 科图分类: | ||
| 主题词: | 电工技术--dian gong ji shu--高等学校--教材 , 电子技术--dian zi ji shu--高等学校--教材 | |
| 电子资源: | ||
| ISBN: | 978-7-5609-4141-7 | |
| 000 | 01140nam 2200301 450 | |
| 001 | 012008537917 | |
| 005 | 20080603115454.14 | |
| 010 | @a978-7-5609-4141-7@dCNY32.50 | |
| 100 | @a20080603d2007 em y0chiy0120 ea | |
| 101 | 0 | @achi |
| 102 | @aCN@b420000 | |
| 105 | @ay a 000yy | |
| 106 | @ar | |
| 200 | 1 | @a电工电子技术@Adian gong dian zi ji shu@f刘建萍, 高玉良, 黄元峰主编@Fliu jian ping,gao yu liang,huang yuan feng zhu bian |
| 210 | @a武汉@c华中科技大学出版社@d2007.08 | |
| 215 | @a354页@d26cm | |
| 225 | 2 | @a高等院校技术基础课系列教材@Agao deng yuan xiao ji shu ji chu ke xi lie jiao cai |
| 320 | @a有书目 | |
| 330 | @a本书共12章,主要内容有:直流电路、正弦交流电路,磁路及基本应用,半导体二极管与直流稳压电源、门电路和组合逻辑电路等。 | |
| 410 | 0 | @12001 @a高等院校技术基础课系列教材 |
| 606 | 0 | @a电工技术@Adian gong ji shu@x高等学校@j教材 |
| 606 | 0 | @a电子技术@Adian zi ji shu@x高等学校@j教材 |
| 690 | @aTM-43@v4 | |
| 701 | 0 | @a刘建萍@Aliu jian ping@4主编 |
| 701 | 0 | @a高玉良@Agao yu liang@4主编 |
| 701 | 0 | @a黄元峰@Ahuang yuan feng@4主编 |
| 801 | 0 | @aCN@bQSSK@c20080603 |
| 905 | @b722888-90@dTM-43@eL634@f3 | |
| 电工电子技术/刘建萍, 高玉良, 黄元峰主编.-武汉:华中科技大学出版社,2007.08 |
| 354页;26cm.-(高等院校技术基础课系列教材) |
| ISBN 978-7-5609-4141-7:CNY32.50 |
| 本书共12章,主要内容有:直流电路、正弦交流电路,磁路及基本应用,半导体二极管与直流稳压电源、门电路和组合逻辑电路等。 |
| ● |
| 相关链接 |
|
|
|
正题名:电工电子技术
索取号:TM-43/L634
 
预约/预借
| 序号 | 登录号 | 条形码 | 馆藏地/架位号 | 状态 | 备注 |
| 1 | 722888 | 207228882 | 自科二线404/301自科库 2排1列4层/ [索取号:TM-43/L634] | 在馆 | |
| 2 | 722889 | 207228891 | 自科二线404/301自科库 2排1列4层/ [索取号:TM-43/L634] | 在馆 | |
| 3 | 722890 | 207228908 | 自科二线404/301自科库 2排1列4层/ [索取号:TM-43/L634] | 在馆 |